LEADER 01261nam a2200277 i 4500 001 000000059667 003 CaOOAMICUS 005 20140527000000.0 008 140527s1997 it u000 u ita u 013 $a30839 020 $a88-209-2450-1 040 $aSeMil$bita 245 13$aLe relazioni Cattolico-Luterane a tre decenni dal Vaticano 2. /$cA cura di Mario Russotto. 260 $aCittą del Vaticano :$bLibreria Editrice Vaticana,$ccopyr. 1997. 300 $a179 p., [2] p. di tav. :$bill. ;$c24 cm. 490 0 $aStudia oecumenica Farfensia ;$v1. 500 $aContiene : Appendice. 650 4$aEcumenismo - Sec. 20. - Testi.$0(OLS)http://semarc/subject/217 700 1 $aRussotto, Mario,$c.$0(OLS)http://semarc/name/30411 830 0$aStudia oecumenica Farfensia ;$v1.$0(OLS)http://semarc/title/12489 850 $aSeMil 852 $aSeMil$W1$xVenegono$y1$m2K IV 42$j25820$B25820$CSeMilBibl$Z2$F25823 $81 961 $aAcquisto: Casa editrice 996 $6020$a88-209-2450-1$9(OLS)http://semarc/number/35605 996 $6245$aLe relazioni Cattolico-Luterane a tre decenni dal Vaticano 2.$9(OLS)http://semarc/title/93254 996 $6260$aCittą del Vaticano :$bLibreria Editrice Vaticana$9(OLS)http://semarc/publisher/29734 LEADER 01101nam a2200265 i 4500 001 000000101625 003 CaOOAMICUS 005 20230523093042.0 008 180830s2000 xx u000 u und u 020 $a88-8227-092-0 040 $aSeMil$bita 100 1 $aRilke, Rainer Maria,$d<1875-1926>.$0(OLS)http://semarc/name/6263 240 14$aDas Marien-Leben.$0(OLS)http://semarc/title/444084 245 10$aVita di Maria /$cRainer Maria Rilke ; a cura di Lorenzo Gobbi, Nicoletta Nicolis. 264 1$aMagnano :$bQiqajon,$c2000. 300 $a54 p. ;$c19 cm 650 4$aMadonna - Poesia.$0(OLS)http://semarc/subject/17479 700 1 $aGobbi, Lorenzo,$d<1966- >.$0(OLS)http://semarc/name/42511 700 1 $aNicolis, Nicoletta.$0(OLS)http://semarc/name/43681 850 $aSeMil 852 $aSeMil$W1$xVenegono$y1$m176 6 1 *$j58374$B58374$CSeMilBibl$Z2$F69136 $81 996 $6020$a88-8227-092-0$9(OLS)http://semarc/number/81390 996 $6245$aVita di Maria$9(OLS)http://semarc/title/191693 996 $6264$aMagnano :$bQiqajon$9(OLS)http://semarc/publisher/32326